| 000 | 00488nam a2200169Ia 4500 | ||
|---|---|---|---|
| 008 | 131103s9999 xx 000 0 und d | ||
| 040 | _aLoreto College | ||
| 041 | _aEnglish | ||
| 082 |
_a823.5/DEF _b- FIT/823.51/FIT LCLIB/ |
||
| 100 | _aFitzgerald,Brian | ||
| 245 |
_aDaniel Defoe _b a study in conflict _cBrian Fitzgerald |
||
| 260 |
_aLondon _bSeker _c1954 |
||
| 300 |
_a248 p. _c 22 cm. |
||
| 504 | _aIncludes bibliographical references and index | ||
| 850 | _aLCLIB | ||
| 942 | _cBK | ||
| 999 |
_c5663 _d56142 |
||